Catalog

Record Details

Catalog Search



Available copies

  • 2 of 2 copies available at LARL/NWRL Consortium.
  • 2 of 2 copies available at Lake Agassiz Regional Library. (Show preferred library)

Current holds

0 current holds with 2 total copies.

Show All Copies
Location Call Number / Copy Notes Barcode Shelving Location Status Due Date
Breckenridge Public Library DRE (Text) 33500009405572 Main Available -
Crookston Public Library DRE (Text) 33500009405549 Main Available -

Record details

  • ISBN: 9781931082310 (alk. paper)
  • ISBN: 1931082316 (alk. paper)
  • Physical Description: ix, 972 p. ; 21 cm.
  • Publisher: New York : Library of America : c2003.

Content descriptions

Bibliography, etc. Note:
Includes bibliographical references.
Subject: Triangles (Interpersonal relations) > Fiction.
New York (State) > Fiction.
Trials (Murder) > Fiction.
Social classes > Fiction.
Young men > Fiction.
Legal stories.
Love stories.
Genre: Legal stories.
Love stories.
LDR 01704cam a2200433 a 4500
00183001
003LARL_NWRL_CONSORTIUM
00520070815102841.0
008020813s2003 nyu b 000 1 eng
020 . ‡a9781931082310 (alk. paper)
020 . ‡a1931082316 (alk. paper)
035 . ‡a(OCoLC)50477177
043 . ‡an-us-ny
08200. ‡a813/.52 ‡221
084 . ‡a18.06 ‡2bcl
1001 . ‡aDreiser, Theodore, ‡d1871-1945. ‡0(LARL_NWRL_CONSORTIUM)56724
24513. ‡aAn American tragedy / ‡cTheodore Dreiser.
260 . ‡aNew York : ‡bLibrary of America : ‡bDistributed to the trade in the U.S. by Penguin Putnam, ‡cc2003.
300 . ‡aix, 972 p. ; ‡c21 cm.
4900 . ‡aLibrary of America ; ‡v140
504 . ‡aIncludes bibliographical references.
650 0. ‡aTriangles (Interpersonal relations) ‡vFiction. ‡0(LARL_NWRL_CONSORTIUM)167628
651 0. ‡aNew York (State) ‡vFiction. ‡0(LARL_NWRL_CONSORTIUM)166421
650 0. ‡aTrials (Murder) ‡vFiction. ‡0(LARL_NWRL_CONSORTIUM)167629
650 0. ‡aSocial classes ‡vFiction. ‡0(LARL_NWRL_CONSORTIUM)167306
650 0. ‡aYoung men ‡vFiction. ‡0(LARL_NWRL_CONSORTIUM)168211
655 7. ‡aLegal stories. ‡2gsafd
655 7. ‡aLove stories. ‡2gsafd
650 7. ‡aLegal stories. ‡0(LARL_NWRL_CONSORTIUM)24406
650 7. ‡aLove stories. ‡0(LARL_NWRL_CONSORTIUM)24834
901 . ‡a83001 ‡bOCLC ‡c83001 ‡tbiblio

Additional Resources